kids on fire bedtime devotional for boys / (Record no. 33560)

MARC details
000 -LEADER
fixed length control field 00645nam a22002297a 4500
008 - FIXED-LENGTH DATA ELEMENTS--GENERAL INFORMATION
fixed length control field 251024b |||||||| |||| 00| 0 eng d
017 ## - LEGAL DEPOSIT NUMBER
Legal deposit number LD.1658
018 ## - LEGAL DEPOSIT YEAR
LDD Year 2025
020 ## - INTERNATIONAL STANDARD BOOK NUMBER
ISBN 9789787881804
040 ## - CATALOGING SOURCE
Original cataloging agency NLN
Language of cataloging English
Description conventions AACR2
100 ## - MAIN ENTRY--AUTHOR
Author IPADEOLA, Yejide
Relator term aut
245 ## - TITLE STATEMENT
Title kids on fire bedtime devotional for boys /
Statement of responsibility, etc Yejide Ipadelo
260 ## - PUBLICATION, DISTRIBUTION, ETC. (IMPRINT)
Place of publication Abuja :
Name of publisher Kids on fire,
Date of publication 2024
300 ## - COLLATION
Pagination vii, 180p. :
Other physical details ill. : col. ; 21cm
563 ## - BINDING INFORMATION
Binding note (pbk)
650 ## - TRACINGS
Main Subject Devotional calendars
650 ## - TRACINGS
Main Subject Bible
Subdivision (1st) Study and teaching
942 ## - ADDED ENTRY ELEMENTS (KOHA)
Item type Books
Suppress in OPAC No
050 ## - LIBRARY OF CONGRESS CALL NUMBER
Classification number BV4811
Item number .I64
082 ## - DEWEY DECIMAL CLASSIFICATION NUMBER
Classification number 242.2
Holdings
Source of classification or shelving scheme Not for loan Home library Current library Date acquired Mode of acquisition Accession No. Full call number Barcode. Copy number Koha item type
Library of Congress Classification   ABUJA LIBRARY BRANCH National Library of Nigeria 24/10/2025 Legal deposit 443209 BV4811 .I64 443209 1 Books
Library of Congress Classification   IBADAN BRANCH LIBRARY National Library of Nigeria 24/10/2025 Legal deposit 443208 BV4811 .I64 443208 1 Books
Library of Congress Classification   OSOGBO BRANCH National Library of Nigeria 24/10/2025 Legal deposit 443207 BV4811 .I64 443207 1 Books

National Library of Nigeria OPAC is powered by Koha